L'urbanisation et ses incidences sur la santé de l'enfant: Possibilités d'action

Zapisane w:
Opis bibliograficzny
1. autor: OMS
Format: Książka
Język:Undetermined
Wydane: Genève OMS 1990
Hasła przedmiotowe:
Etykiety: Dodaj etykietę
Nie ma etykietki, Dołącz pierwszą etykiete!
Thư viện lưu trữ: Trung tâm Học liệu Trường Đại học Cần Thơ
LEADER 00526nam a2200181Ia 4500
001 CTU_7265
008 210402s9999 xx 000 0 und d
082 |a 613.043 
082 |b U72 
100 |a OMS 
245 0 |a L'urbanisation et ses incidences sur la santé de l'enfant: Possibilités d'action 
245 0 |c OMS 
260 |a Genève 
260 |b OMS 
260 |c 1990 
650 |a child care,public health 
904 |i Nguyễn Quang Điền, 960601 
980 |a Trung tâm Học liệu Trường Đại học Cần Thơ